Statistics for U.S. Groups of Four Quiz

Click here to take the quiz!

General Stats

  • This quiz has been taken 20,338 times
  • The average score is 39 of 64

Answer Stats

GroupAnswer% Correct
Major Spectator SportsBaseball
97%
Major Spectator SportsFootball
97%
Major Spectator SportsBasketball
95%
Assassinated PresidentsJohn F. Kennedy
95%
Assassinated PresidentsAbraham Lincoln
93%
Biggest Cities Starting with "San"San Francisco
90%
Major Spectator SportsHockey
88%
Top-Selling Pizza ChainsDomino's
86%
Top-Selling Pizza ChainsPizza Hut
83%
Biggest Cities Starting with "San"San Diego
83%
Continental U.S. TimezonesEastern
80%
Major TV NetworksABC
79%
States that Meet at "Four Corners"Colorado
79%
Major TV NetworksNBC
79%
States that Meet at "Four Corners"Utah
79%
Monopoly RailroadsB&O
78%
Continental U.S. TimezonesPacific
78%
States that Meet at "Four Corners"Arizona
77%
Continental U.S. TimezonesCentral
76%
California NBA TeamsLos Angeles Lakers
76%
States that Meet at "Four Corners"New Mexico
76%
Baldwin BrothersAlec
75%
Major TV NetworksFox
75%
Seinfeld CharactersJerry
70%
South Park CharactersKenny
68%
Continental U.S. TimezonesMountain
68%
Biggest Cities Starting with "San"San Antonio
68%
Major TV NetworksCBS
67%
Biggest Cities Starting with "San"San Jose
67%
Disney World Theme Parks{Magic} Kingdom
66%
Top-Selling Pizza ChainsPapa John's
66%
South Park CharactersCartman
60%
California NBA TeamsGolden State Warriors
60%
Major Metro areas on the Mississippi RiverNew Orleans
59%
State Capitals Starting with BBoston
58%
Disney World Theme Parks{Epcot} Center
57%
Major Metro areas on the Mississippi RiverSaint Louis
56%
Seinfeld CharactersKramer
55%
Disney World Theme Parks{Animal} Kingdom
54%
California NBA TeamsLos Angeles Clippers
54%
California NBA TeamsSacramento Kings
53%
State Capitals Starting with BBoise
51%
Seinfeld CharactersGeorge
50%
Seinfeld CharactersElaine
49%
Assassinated PresidentsJames Garfield
48%
Top-Selling Pizza ChainsLittle Caesars
48%
Assassinated PresidentsWilliam McKinley
47%
Heaviest Land AnimalsAmerican Bison
46%
South Park CharactersKyle
43%
South Park CharactersStan
43%
State Capitals Starting with BBismarck
42%
State Capitals Starting with BBaton Rouge
41%
Monopoly RailroadsReading
38%
Baldwin BrothersStephen
38%
Major Metro areas on the Mississippi RiverMinneapolis
37%
Heaviest Land AnimalsBrown Bear
34%
Major Metro areas on the Mississippi RiverMemphis
33%
Baldwin BrothersBilly
32%
Heaviest Land AnimalsMoose
31%
Monopoly RailroadsPennsylvania
31%
Disney World Theme Parks{Hollywood} Studios
26%
Monopoly RailroadsShort Line
22%
Heaviest Land AnimalsPolar Bear
19%
Baldwin BrothersDaniel
17%

Score Distribution

Percentile by Number Answered

Percent of People with Each Score

Your Score History

You have not taken this quiz